000 00545nam a2200181Ia 4500
008 100917s9999 xx 000 0 und d
082 _b36357
100 _aआळतेकर हरिहर
245 _aछान छान गोष्टी
260 _bअनंत प्रकाशन
_c1977
300 _a16
365 _b1
520 _aबालविभाग
630 _aछान छान गोष्टी
650 _aबालविभाग
730 _aछान छान गोष्टी
942 _cBOOK
999 _c641751
_d641748